| 000 | 00443nam a2200169Ia 4500 | ||
|---|---|---|---|
| 008 | 230718s9999 xx 000 0 und d | ||
| 041 | _aeng | ||
| 082 |
_a621.3815'3 _bLEA |
||
| 100 | _aLeach D. | ||
| 245 | _aDigital Principles And Applications | ||
| 250 | _a6th ed. | ||
| 260 |
_c2009 _bTata Mc-Graw Hill |
||
| 300 | _a683 | ||
| 365 |
_cRs. _b300.00 |
||
| 700 | _aLeach D.; Malvino A. & Saha G. | ||
| 906 |
_dB:723021-Jan-2009 _cETC _b990 |
||
| 999 |
_c320119 _d320119 |
||